[Event "ROM-chT"]
[Site "Brasov"]
[Date "2011.10.08"]
[Round "1.5"]
[White "Szabo, Attila"]
[Black "Grozav, Valeriu Gheorghe"]
[Result "1/2-1/2"]
[WhiteElo "2290"]
[BlackElo "2166"]
[PlyCount "87"]
[EventDate "2011.10.08"]
[EventType "team-tourn"]
[EventRounds "9"]
[EventCountry "ROU"]
[SourceTitle "CBM 144 Extra"]
[Source "ChessBase"]
[SourceDate "2011.10.28"]
[SourceVersion "1"]
[SourceVersionDate "2011.10.28"]
[SourceQuality "1"]
[WhiteTeam "Baia Mare"]
[BlackTeam "Resita Muncitorul"]
[WhiteTeamCountry "ROU"]
[BlackTeamCountry "ROU"]

1. c4 Nf6 2. Nc3 d5 3. cxd5 Nxd5 4. g3 g6 5. Bg2 c6 6. Nf3 Bg7 7. 0-0 0-0 8. d4 Nxc3 9. bxc3 Be6 10. e4 Nd7 11. Re1 Qa5 12. Qc2 Nb6 13. Bf4 Rac8 14. Rac1 Rfd8 15. Nd2 Qh5 16. Nb3 Nd7 17. Qe2 Qxe2 18. Rxe2 Bc4 19. Rd2 b6 20. Be3 Nf6 21. f3 e6 22. Bf1 Bxf1 23. Kxf1 Rd7 24. Ke2 Ne8 25. a4 f5 26. e5 Bf8 27. Ra2 Nc7 28. c4 Na6 29. a5 Nb4 30. Rd2 Be7 31. f4 Rb8 32. axb6 axb6 33. Ra1 Kf7 34. Rb2 h5 35. Bd2 Rbb7 36. Nc1 c5 37. Bxb4 cxb4 38. Nb3 Ra7 39. Rxa7 Rxa7 40. h4 Ra3 41. Kd3 Ke8 42. d5 Bc5 43. Ke2 Kd7 44. Kf1 1/2-1/2